000 01378nam a22003017a 4500
005 2008110709579.0
008 081107t xxu||||| |||| 00| 0 hin d
010 _aHIN-84742
020 _a8179010015
_c200.00
035 _aHN-57088
037 _bDBAD / PUB
040 _aDPL
_bHN
082 _a181.46
100 _aचौहान, लालबहादुर सिंह
245 _aआध्यात्मिक विभूति स्वामी रामतीर्थ /
_cलालबहादुर सिंह चौहान
246 _aAadhyatmik Vibhuti Swami Ramteerth
_bby Lalbahadur Singh Chauhan
260 _aनई दिल्ली
_bसुयोग्य प्रकाशन
_c2008
270 _aW-116, ग्रेटर कैलाश-1
_bनई दिल्ली
_e110048
300 _a207पृ
_c22सेमी (सजिल्द)
600 _aरामतीर्थ, स्वामी, 1837-1906
600 _aRamatirth, Swami, 1837-1906
650 _aअद्वैत
650 _aAdvaita
650 _aVedanta
650 _aवेदान्त
942 _2ddc
_cHN
_mचौहान
_h181.46
999 _c18206
_d18206